00993nam a2200241 i 450000100060000000300090000600500170001500700030003200800410003502000180007610000280009424502440012225000270036626000360039330000220042949000310045170000290048270000290051183000390054085200330057999900170061295201220062987365ES-MaACL20230906175645.0t|041221s1984 fr ||||1| fre d a2-07-028137-X1 aKöhler, Erich.96847812aL'aventure chevaleresque b: idéal et réalité dans le roman courtois : études sur laforme des plus anciens poèmes d'Arthur et du Graal / cErich Köhler ; traduit de l'allemand par Eliane Kaufholz ; préface de Jacques Le Goff. a2ª ed. complétée. a[Paris] : bGallimard, c[1984] a318 p. ; c23 cm.1 aBibliothèque des idées1 aKaufholz, Eliane.9676401 aLe Goff, Jacques.9708840 aBibliothèque des idées9177378 aES-MaACLjL-13226 bR.115505 c87365d87365 00104070aATENEOMbATENEOMcDEPO2d2008-01-17eSCl0oL-13226p1091273r2023-02-23 00:00:00w2023-02-23yMONOGRAFIA